| 000 | 00415nam a22001577a 4500 | ||
|---|---|---|---|
| 003 | LK-CoDNM | ||
| 005 | 20240820124935.0 | ||
| 008 | 240820b |||||||| |||| 00| 0 eng d | ||
| 040 |
_aLK-CoDNM _dLK-CoDNM _eLK-CoDNM |
||
| 080 |
_a7 _bC17 |
||
| 100 | _aAINSLIE WHITELIE | ||
| 245 | _aMATHERIA INDICA | ||
| 260 |
_aLONDON _bLONGMAN ,REES ,ORME ,BROWN AND GREEN _c1826 |
||
| 300 | _aXXIV, 654P. ; 22 CM | ||
| 942 | _cBK | ||
| 999 |
_c148421 _d148421 |
||